[Event "Oberbayerische Jugend-EM 2014/15  U12"]
[Site "Riedenburg"]
[Date "2015.02.20"]
[Round "5"]
[White "Weber, Lukas"]
[Black "Schmidt, Robert"]
[Result "1-0"]
[BlackElo "1127"]
[WhiteElo "907"]

1.e4 e5 2.Nf3 Nc6 3.Bc4 h6 4.O-O Nf6 5.Nc3 d6 6.d3 a6 7.Be3 Bg4 8.a3 Bd7 9.d4 exd4
10.Nxd4 Nxd4 11.Bxd4 c6 12.b4 Be7 13.e5 dxe5 14.Bxe5 O-O 15.Bxf6 Bxf6 16.Qf3 Bxc3
17.Qxc3 b5 18.Bd3 Qg5 19.Be4 Rac8 20.Rad1 Qg4 21.Bf3 Qf5 22.Rfe1 Rfe8 23.g4 Rxe1+
24.Rxe1 Qf4 25.Re4 Qf6 26.Qd3 Qd8 27.c4 bxc4 28.Qxc4 Ra8 29.Rf4 Be8 30.Bxc6 Bxc6
31.Qxc6 a5 32.b5 Qc8 33.Rc4 Qxc6 34.Rxc6 Kf8 35.b6 Ke8 36.Rc7 g5 37.b7 Rb8 38.Rc8+
Rxc8 39.bxc8=Q+ Ke7 40.Qc5+ Kf6 41.Qxa5 Kg7 42.Qf5 f6 43.a4 Kf7 44.a5 Kg7 45.a6 Kf7
46.Qd5+ Kg6 47.a7 Kh7 48.a8=R h5 49.Qf7+ Kh6 50.Rh8#   1-0

[Event "Oberbayerische Jugend-EM 2014/15  U12"]
[Site "Riedenburg"]
[Date "2015.02.20"]
[Round "5"]
[White "Beckert, Alessandro"]
[Black "Kugler, Janek"]
[Result "1-0"]
[BlackElo "819"]
[WhiteElo "949"]

1.e4 d5 2.exd5 Qxd5 3.Nc3 Qd8 4.d4 Bf5 5.Qf3 g6 6.Qxb7 Nd7 7.Qb3 e5 8.Qd5 Bg7 9.Nf3
Be6 10.Qe4 Ngf6 11.Qd3 c5 12.dxe5 Ng4 13.Be2 Ndxe5 14.Qb5+ Nd7 15.O-O Bxc3 16.bxc3
Bd5 17.Rd1 Bxf3 18.Bxf3 Nge5 19.Bxa8 Ng4 20.Bc6 Nge5 21.Re1 Qe7 22.Qb8+ Qd8 23.Rxe5+
Kf8 24.Qxd8+ Kg7 25.Qxd7 Kf6 26.Qe7+ Kg7 27.Rb1 Rf8 28.Ba3 h5 29.Bxc5 Rc8 30.Bd5
Kh7 31.Qxf7+ Kh6 32.Be3+ g5 33.Re6#   1-0

[Event "Oberbayerische Jugend-EM 2014/15  U12"]
[Site "Riedenburg"]
[Date "2015.02.21"]
[Round "6"]
[White "Huber, Marinus"]
[Black "Longo, Massimo"]
[Result "0-1"]
[BlackElo "1617"]
[WhiteElo "1344"]

1.e4 e5 2.Nf3 d6 3.d4 Nd7 4.dxe5 Nxe5 5.Nxe5 dxe5 6.Qxd8+ Kxd8 7.Bc4 f6 8.Nc3 Bb4
9.Bd2 c6 10.a3 Ba5 11.O-O-O Kc7 12.Kb1 Bb6 13.f3 Ne7 14.Na4 Bd4 15.c3 Bf2 16.Rhf1
Bh4 17.g3 Bg5 18.Bxg5 fxg5 19.Nc5 Rf8 20.Ne6+ Bxe6 21.Bxe6 Rad8 22.Rxd8 Rxd8 23.Kc2
Rd6 24.Bh3 Rh6 25.Bg4 Rxh2+ 26.Kb3 h5 27.Be6 Nc8 28.Rd1 Nd6 29.c4 b6 30.Kc3 Rf2 31.Rd3
Rf1 32.b4 Rg1 33.c5 Nb5+ 34.Kb2 Rg2+ 35.Kc1 Nd4 36.g4 Nxe6   0-1

[Event "Oberbayerische Jugend-EM 2014/15  U12"]
[Site "Riedenburg"]
[Date "2015.02.21"]
[Round "6"]
[White "Dietlmeier, Tobias"]
[Black "Mooser, Nicolas"]
[Result "0-1"]
[BlackElo "1518"]
[WhiteElo "1133"]

1.d4 d5 2.e3 Nf6 3.Bd3 e6 4.Nd2 Be7 5.Ngf3 O-O 6.c3 c6 7.O-O Nbd7 8.Qc2 b6 9.Re1 Bb7
10.e4 dxe4 11.Nxe4 c5 12.Ned2 cxd4 13.Nxd4 Nc5 14.N2b3 Nxd3 15.Qxd3 Qd5 16.Qf3 Qxf3
17.Nxf3 Rfd8 18.Nfd4 Rd5 19.Nd2 Rad8 20.N2f3 h6 21.Re5 Rxe5 22.Nxe5 Nd5 23.Nec6 Bxc6
24.Nxc6 Rd7 25.Nxe7+ Nxe7 26.Be3 Nf5 27.Bf4 g5 28.Be5 Rd5 29.Bb8 a6 30.Ba7 b5 31.g3
Rd2 32.b4 Rc2 33.a4 Rxc3 34.axb5 axb5 35.Ra5 Rc7 36.g4 Ne7 37.Bb8 Rb7 38.Ra8 f6 39.Bd6+
Kf7 40.f4 Rd7 41.Bxe7 Kxe7 42.Rb8 Rd5 43.fxg5 hxg5 44.Kf2 Kd6 45.Rb6+ Kd7 46.Ke3
Re5+ 47.Kd3 Kc7 48.Ra6 Kb7 49.Rd6 Rd5+ 50.Rxd5 exd5 51.Kc3 Kc6 52.Kd3 Kd6 53.Kd4
Kc6 54.Kd3 Kd7 55.Ke3 Ke6 56.Kd4 Kd6 57.Kd3 Ke5 58.Ke3 d4+ 59.Kd3 Kd5 60.Kd2 Kc4
61.Kc2 Kxb4 62.Kd3 Ka3 63.Kxd4 b4 64.Ke4 b3 65.Kf5 b2 66.Kxf6 b1=Q 67.Kxg5 Qh7 68.h4
Kb4 69.h5 Qg7+ 70.Kh4 Qf6+ 71.g5 Qf4+ 72.Kh3 Qxg5 73.Kh2 Kc3 74.h6 Qxh6+ 75.Kg3 Qf6
76.Kg4 Kd4 77.Kh5 Qg7 78.Kh4 Ke4 79.Kh3 Kf3 80.Kh4 Qh6#   0-1

[Event "Oberbayerische Jugend-EM 2014/15  U12"]
[Site "Riedenburg"]
[Date "2015.02.21"]
[Round "6"]
[White "Schwarzer, Tassilo"]
[Black "Stegert, Laurin"]
[Result "0-1"]
[BlackElo "1128"]
[WhiteElo "1060"]

1.d4 e6 2.c4 d5 3.Nc3 Nf6 4.Bf4 c6 5.Nf3 Nbd7 6.e3 Be7 7.Bd3 dxc4 8.Bxc4 b5 9.Bd3
a6 10.a3 c5 11.dxc5 Bxc5 12.Qc2 O-O 13.g4 Bb7 14.Be4 Nxe4 15.Nxe4 Be7 16.Nfd2 Rc8
17.Qd3 f5 18.gxf5 exf5 19.Qb3+ Rf7 20.Bg5 fxe4 21.Bxe7 Qxe7 22.Rg1 Nc5 23.Qa2 Nd3+
24.Ke2 Kh8 25.Qb1 Qh4 26.Rg2 Rxf2+ 27.Rxf2 Qxf2+ 28.Kd1 Qe1#   0-1

[Event "Oberbayerische Jugend-EM 2014/15  U12"]
[Site "Riedenburg"]
[Date "2015.02.21"]
[Round "6"]
[White "Weber, Lukas"]
[Black "Beckert, Alessandro"]
[Result "0-1"]
[BlackElo "949"]
[WhiteElo "907"]

1.e4 c5 2.Nc3 d6 3.Nf3 Nf6 4.Bc4 g6 5.d3 Bg7 6.Be3 Nc6 7.O-O O-O 8.d4 cxd4 9.Nxd4
Bd7 10.a3 Rc8 11.b4 Nxd4 12.Qxd4 Ng4 13.Qd3 Ne5 14.Qe2 Nxc4 15.Bxa7 Bxc3 16.Rad1
b6 17.Rd3 Bg7 18.Rh3 Bxh3 19.Qf3 Nd2 20.Qxh3 Nxf1 21.Kxf1 Qc7 22.Bxb6 Qxb6 23.Qd3
Bd4 24.Qd2 Rc7 25.g3 Rfc8 26.Kg2 Rxc2 27.Qf4 Rxf2+ 28.Kh3 Rxf4 29.gxf4 Bf6 30.a4
Qe3+ 31.Kg4 e6 32.a5 Rc3 33.a6 Qh3#   0-1

[Event "Oberbayerische Jugend-EM 2014/15  U12"]
[Site "Riedenburg"]
[Date "2015.02.21"]
[Round "6"]
[White "Gan, Maxwell"]
[Black "Mehnert, Sebastian"]
[Result "1-0"]
[BlackElo "1081"]
[WhiteElo "1257"]

1.e4 d6 2.d4 Nf6 3.Nc3 g6 4.Nf3 c5 5.dxc5 dxc5 6.Qxd8+ Kxd8 7.Be3 b6 8.Ne5 e6 9.Nxf7+
Ke7 10.Nxh8 Bg7 11.Nxg6+ hxg6 12.O-O-O Nc6 13.Bg5 Ne5 14.f4 Neg4 15.Rd2 Kf7 16.h3
Nh6 17.Bc4 Ke8 18.Rd6 Bf8 19.Rd2 Bg7 20.Rhd1 Nf7 21.Bxf6 Bxf6 22.e5 Nxe5 23.fxe5
Bg5 24.Nb5 Bxd2+ 25.Rxd2 Ke7 26.Rd6 Rb8 27.Nxa7 Bd7 28.Bxe6 Rb7 29.Bxd7 Rxa7 30.Be6
Rxa2 31.Bxa2   1-0

[Event "Oberbayerische Jugend-EM 2014/15  U12"]
[Site "Riedenburg"]
[Date "2015.02.21"]
[Round "6"]
[White "Kugler, Janek"]
[Black "Seidenberger, Florian"]
[Result "0-1"]
[BlackElo "1157"]
[WhiteElo "819"]

1.e4 e6 2.Bb5 c6 3.Bc4 d5 4.exd5 exd5 5.Qe2+ Be6 6.Bd3 Bc5 7.Nf3 Nf6 8.c4 O-O 9.Ng5
Kh8 10.Nxe6 fxe6 11.Qxe6 Re8 12.Qe2 Rxe2+ 13.Bxe2 Qe7 14.d3 Nbd7 15.Nc3 Bb4 16.Bd2
Bxc3 17.Bxc3 Re8 18.O-O-O Qxe2 19.Rhe1 Qxf2 20.Rxe8+ Nxe8 21.Be1 Qe3+ 22.Bd2 Qxd3
23.b3 dxc4 24.Re1 Nef6 25.Re3 Qf1+ 26.Be1 Kg8 27.Kd1 Nd5 28.Rf3 Qxg2 29.Rg3 Qxh2
30.bxc4 Nb4 31.Rc3 Qh5+ 32.Kd2 Nxa2 33.Rd3 Qg5+ 34.Ke2 Nc1+ 35.Kd1 Nxd3 36.Bd2 Nb2+
37.Kc1 Qe5 38.Kc2 Nc5 39.Bc3 Qe2+ 40.Kb1 Nca4 41.Ka2 Nd1+ 42.Kb3 Ndxc3 43.Kb4 Qb2+
44.Ka5 Qb6#   0-1

[Event "Oberbayerische Jugend-EM 2014/15  U12"]
[Site "Riedenburg"]
[Date "2015.02.21"]
[Round "7"]
[White "Stegert, Laurin"]
[Black "Huber, Marinus"]
[Result "0-1"]
[BlackElo "1344"]
[WhiteElo "1128"]

1.Nf3 Nf6 2.d4 d5 3.e3 c5 4.c4 cxd4 5.exd4 dxc4 6.Bxc4 e6 7.O-O Be7 8.Nbd2 O-O 9.Re1
Nc6 10.Nb3 a6 11.Be3 b5 12.Be2 Nd5 13.Bd2 Bf6 14.Rc1 Qb6 15.Bg5 Bxg5 16.Nxg5 h6 17.Qc2
hxg5 18.Qxc6 Qxc6 19.Rxc6 Bb7 20.Rcc1 Nf4 21.Nc5 Bxg2 22.Bd1 Bd5 23.a3 Rac8 24.Bc2
Ng2 25.Red1 Nh4 26.h3 Nf3+ 27.Kf1 Rc6 28.b4 Rd8 29.Nb7 Bc4+ 30.Kg2 Nh4+ 31.Kg1 Rdc8
32.Na5 R6c7 33.Be4 Be2 34.Rxc7 Rxc7 35.Rb1 Rc3 36.Ra1 Rxh3 37.Bb7 Nf3+ 38.Kg2 g4
39.Re1   0-1

[Event "Oberbayerische Jugend-EM 2014/15  U12"]
[Site "Riedenburg"]
[Date "2015.02.21"]
[Round "7"]
[White "Seidenberger, Florian"]
[Black "Dietlmeier, Tobias"]
[Result "0-1"]
[BlackElo "1133"]
[WhiteElo "1157"]

1.d4 d5 2.Bg5 Nf6 3.Nf3 Nbd7 4.e3 e6 5.Nbd2 Bd6 6.Bd3 O-O 7.O-O Re8 8.Rc1 c6 9.c3
e5 10.Re1 e4 11.Ne5 exd3 12.Ng4 Be7 13.Nf3 Nxg4 14.Bxe7 Qxe7 15.Qxd3 Qe4 16.Qd1 Ngf6
17.Ng5 Qg6 18.Nh3 Nb6 19.Nf4 Qg5 20.Qc2 Bf5 21.Qd2 Nh5 22.Nxh5 Qxh5 23.g3 Be4 24.Re2
Qh3 $2 (24...Qf3) 25.f4 Nc4 26.Qe1 Bf3 27.Rf2 Rxe3 28.Qf1 Qxf1+ 29.Kxf1 Bh5 30.b3 Nd6
31.Kg1 Rae8 32.c4 dxc4 33.bxc4 Rf3 34.Rfc2 Nf5 35.d5 h6 36.dxc6 bxc6 37.a4 Nd4 38.Rb2
Ne2+ 39.Rxe2 Rxe2 40.c5 Rff2 41.Rb1 Rxh2 42.Rb8+ Kh7 43.Rb1 Rhg2+ 44.Kh1 Bf3 45.a5
Rxg3#   0-1

[Event "Oberbayerische Jugend-EM 2014/15  U12"]
[Site "Riedenburg"]
[Date "2015.02.21"]
[Round "7"]
[White "Beckert, Alessandro"]
[Black "Schmidt, Robert"]
[Result "1-0"]
[BlackElo "1127"]
[WhiteElo "949"]

1.d4 d5 2.c3 h6 3.Nf3 Nf6 4.e3 a6 5.Bd3 Nc6 6.Nbd2 Bg4 7.Qc2 Bd7 8.Bg6 Be6 9.Bd3 Qd6
10.O-O O-O-O 11.b3 Bg4 12.c4 Nb4 13.Qc3 Nxd3 14.Qxd3 dxc4 15.bxc4 e6 16.Ne5 Qe7 17.Nxg4
Nxg4 18.Rb1 Nf6 19.Qb3 c6 20.Nf3 Qc7 21.Bd2 Qd7 22.Ne5 Qe7 23.Ba5 Re8 24.Nxc6 bxc6
25.Qb8+ Kd7 26.Qc7#   1-0

[Event "Oberbayerische Jugend-EM 2014/15  U12"]
[Site "Riedenburg"]
[Date "2015.02.21"]
[Round "7"]
[White "Gan, Maxwell"]
[Black "Weber, Lukas"]
[Result "1/2-1/2"]
[BlackElo "907"]
[WhiteElo "1257"]

1.e4 e5 2.Nf3 Nc6 3.Bc4 Bc5 4.d3 d6 5.Be3 Bxe3 6.fxe3 Nf6 7.O-O O-O 8.Nbd2 Bd7 9.c3
Qe7 10.Qe2 Be6 11.Bxe6 Qxe6 12.Ng5 Qg4 13.Qxg4 Nxg4 14.Rf3 f6 15.Nh3 g6 16.Raf1 b5
17.Nf2 Nxf2 18.R1xf2 Kg7 19.d4 b4 20.d5 bxc3 21.dxc6 cxd2 22.Rxd2 f5 23.exf5 gxf5
24.Rdf2 Rab8 25.b3 Rb6 26.g4 f4   1/2-1/2

[Event "Oberbayerische Jugend-EM 2014/15  U12"]
[Site "Riedenburg"]
[Date "2015.02.21"]
[Round "7"]
[White "Mehnert, Sebastian"]
[Black "Kugler, Janek"]
[Result "1-0"]
[BlackElo "819"]
[WhiteElo "1081"]

1.d4 d5 2.c4 Nf6 3.cxd5 Nxd5 4.e4 Nf6 5.Nc3 Nc6 6.Nf3 Bg4 7.d5 Nb4 8.a3 Na6 9.h3 Bxf3
10.Qxf3 e6 11.Bb5+ c6 12.dxc6 Rb8 13.c7+ Nd7 14.cxd8=Q+ Rxd8 15.Bg5 f6 16.Bxf6 gxf6
17.Qxf6 Rg8 18.Qxe6+ Be7 19.Qxg8+ Bf8 20.Qxh7 Nc7 21.O-O a6 22.Bxd7+ Rxd7 23.Qg6+
  1-0